Datum a čas kvízu

34.5 Celkem bodů Celkový počet nahraných bodů na tomto kvízu bez doplňovacích otázek.
3. Pořadí na kvízu Konečné umístění týmu na tomto kvízu.

Zaznamenané odpovědi

# Otázka Odpověď Body Výsledky
1. Premiér Petr Fiala má nově pro... TikTok 1
2. Minulý týden se konal mítink D... Barack Obama, Eminem 0.5
3. Český film režiséra Petra Slav... Tancuj Matyldo 0
4. Minulý týden jsme se dozvěděli... C) Alan Turing 0
5. V pondělí se v Praze uskutečni... Josef Dostál 0
6. Vzhledem ke končící bohaté hou... prsten; třeň 0.5
7. Uveďte rodové jméno tohoto ptá... brhlík 0
8. Při nocování v lese jste už mo... liška 0
9. V průběhu léta zástupci jeleno... lýčí 1
10. Na jaře se řada lidí vydává do... konvalinka; ocún 1